000 00712nam a2200193Ia 4500
008 151119s9999||||xx |||||||||||||| ||und||
082 _a891.463बोल्ली/कृष्ण
082 _bGKKV31720
100 _aबोल्ली लक्ष्मीनारायण
245 _aकृष्णदेवराय
260 _aपुणे
260 _bमेहता पब्लीशिग हाउस
260 _c2013
600 _aबोल्ली लक्ष्मीनारायण
630 _aकृष्णदेवराय
700 _aबोल्ली लक्ष्मीनारायण
730 _aकृष्णदेवराय
942 _cBOOK
999 _c1084034
_d1084031